Регионална библиотека "Любен Каравелов" - Русе

Френската революция 1789 - 1799 (Запис номер 164807)

MARC детайли
000 -Лидер
Контролно поле с фиксирана дължина 01368nam a2200349 c 4500
003 - Код на организацията, давaща контролен номер
Контролно поле BLK
005 - Дата и час на последна редакция
Контролно поле 20200806090725.0
008 - Елементи от данни с фиксирана дължина
fixed length control field 180410b bul|||||r ||||||| ||bul||
010 ## - Наследен системен номер
LC control number KNG00172354000
040 ## - Източник на каталожния запис
Идентификатор на билиотеката - собственик на записа BLK
041 ## - Код за език
Код за езика на текст/звукозапис или на отделно заглавие Български
Код за езика КДБФ Български
080 ## - УДК
Текстов определител УДК История на Франция
УДК код - определител по УДК 944
УДК определител
УДК - код + определител 944
100 1# - Редна дума - Автор
Автор Глушков, Христо Стефанов
Авторска отговорност първи автор
R(LIN) 369250
139 ## - Редно поле
Редна дума Глушков, Христо Стефанов
Авторски знак Глу - Г 56
245 10 - Сведения за заглавието
Заглавие Френската революция 1789 - 1799
Подзаглавни данни Изследване
Редно поле (дума) Христо Стефанов Глушков.
257 ## - Страна на издаване
Страна на създаване/издаване България
260 ## - Област на издателските данни
-- София
Име на издателя, разпространителя и проч. Нар. просв.
Година на издаване 1989
Печатница Враца : В. Александров
300 ## - Физическа характеристика
Страници 216 с. , 8 л. репрод.
Размери/Мащаб 20 см
380 ## - Жанр
Жанр История
500 ## - Общи забележки
Забележка 5 813 тир. - Библиогр. след разд. - Рез. на рус., фр. ез.
650 #4 - Допълнително описание по предмет – тема
Основно описание – тема или топоним Френска буржоазна революция
9 (RLIN) 246040
650 #4 - Допълнително описание по предмет – тема
Основно описание – тема или топоним Франция - история
9 (RLIN) 269404
651 #4 - Допълнително описание по предмет - топоним
Географско понятие Франция
9 (RLIN) 179722
653 ## - Ключова дума – ненормативна
Ключова дума Франция
653 ## - Ключова дума – ненормативна
Ключова дума история
653 ## - Ключова дума – ненормативна
Ключова дума Френска буржоазна революция
852 ## - Местоположение
Форматна сигнатура Цб 158115
856 4# - Електронен адрес и достъп
Електронен формат pdf - файл
Път до файла /url/
856 4# - Електронен адрес и достъп
Електронен формат pdf - файл
Път до файла /url/
942 ## - АРТИКУЛИ
Вид на библиотечния материал Книги
Скрит в OPAC Не
Koha issues (borrowed), all copies 2
944 ## - СЪЗДАВАНЕ И РЕДАКЦИЯ на ЗАПИСА
Създаване/Редакция Създаване
Дата на регистрацията/редакция 27.02.2015
Статус, дата на статуса ф /
Служител, извършил регистрацията/редакцията Теодора_Стоянова
944 ## - СЪЗДАВАНЕ И РЕДАКЦИЯ на ЗАПИСА
Създаване/Редакция Редакция
Дата на регистрацията/редакция 04.09.2017
Статус, дата на статуса ф /
Служител, извършил регистрацията/редакцията Людмила_Стоянова
999 ## - СИСТЕМНИ КОНТРОЛНИ НОМЕРА
Koha biblionumber 164807
Koha biblioitemnumber 164807
Наличности
Код за отписване Код за изгубен артикул Източник на класификационната схема Код за повреда Коз за рестрикции Код за отдаване Артикулен № Име на библиотеката - собственик Име на библиотеката, в която се намира в момента Статус (Текущо местоположение) Дата на вписване в системата Местоположение - отдел Цена в лева Инвентарен номер Систематично азбучна сигнатура Баркод Номер на екземпляра Цена в евро Служебна бележка Служебен тип на артикула Бележка за публиката
  Не е изгубен Universal Decimal Classification Не е повреден без рестрикции ползва се в читалня 277571 Регионална библиотека "Любен Каравелов" Русе Регионална библиотека "Любен Каравелов" Русе Хранилище 1989-01-01 Хранилище 1.26 518555 Цб 158115 120000518555 1 0.64 Дост: Pk Вид: Сф N: стар фонд Дата: 01.01.1989 Книги  
Изтеглен Не е изгубен Universal Decimal Classification Не е повреден без рестрикции заемане за дома 277572 Регионална библиотека "Любен Каравелов" Русе Регионална библиотека "Любен Каравелов" Русе Заемна - подръчен фонд 1989-01-01 Заемна - подръчен фонд 0.00 520026 П 944/Г 56 520026 2 0.00 Дост: Pk Вид: Сф N: стар фонд Дата: 01.01.1989 Книги  
Изтеглен Не е изгубен Universal Decimal Classification Не е повреден без рестрикции заемане за дома 277573 Регионална библиотека "Любен Каравелов" Русе Регионална библиотека "Любен Каравелов" Русе Заемна - подръчен фонд 1989-01-01 Заемна - подръчен фонд 1.26 520025 94(44)/Г 56 Х 120000520025 3 0.64 Дост: Pk Вид: Сф N: стар фонд Дата: 01.01.1989 Дата инв: 07.02.2018 Бележки инв: П2018 Книги  
Изтеглен Не е изгубен Universal Decimal Classification Не е повреден без рестрикции заемане за дома 277574 Регионална библиотека "Любен Каравелов" Русе Регионална библиотека "Любен Каравелов" Русе Заемна - подръчен фонд 1989-01-01 Заемна - подръчен фонд 1.26 520023 П 944/Г 56 520023 4 0.64 Дост: Pk Вид: Сф N: стар фонд Дата: 01.01.1989 Дата инв: 16.02.2018 Бележки инв: П2018 Книги  
Изтеглен Не е изгубен Universal Decimal Classification Не е повреден без рестрикции ползва се в читалня 277575 Регионална библиотека "Любен Каравелов" Русе Регионална библиотека "Любен Каравелов" Русе Читалня 1989-01-01 Читалня 1.26 519882 Ч 93/94/Г 56 Х 120000519882 5 0.64 Дост: Pk Вид: Сф N: стар фонд Дата: 01.01.1989 Дата инв: 05.10.2015 Бележки инв: Д2015 Книги Отч.N: 52/17 , Дата: 12.10.2017
Vip Innovations Ltd, Rousse, Bulgaria 2025